000
00387nam a22001697a 4500
003
MPLRDC
005
20220104113811.0
008
210129b ||||| |||| 00| 0 eng d
082
_a
857.7 JXT v.1
100
_a
姬小苔
245
_a
枫若犹红
_c
250
_a
初版
260
_a
_b
女鞍出版社
_c
1989
300
_b
平
650
_a
长篇小说
942
_c
BK
_o
857.7 JXT v.1
999
_c
2459
_d
2449